Model DCF s rozpuštěnými náklady

Charakteristika DCF modelov s rozpúšťanými nákladmi a podmienky využitia týchto modelov. Diskontované cash flow – podstata DCF modelov. Jednoduchý príklad na DCF model s rozpustenými nákladmi: základné predpoklady, výpočet diskontovaného cash flow, výpočet rozpustenia nákladov do výroby, účasť aktí...

Descrizione completa

Salvato in:
Dettagli Bibliografici
Autore principale: Groh, František
Natura: Capitolo di libro
Lingua:ceco
Soggetti:
Tags: Aggiungi Tag
Nessun Tag, puoi essere il primo ad aggiungerne!!

MARC

LEADER 00000naa$a2200000$$$4500
001 0049501
005 20231107071423.2
041 0 |a cze 
044 |a CZ 
245 1 0 |a Model DCF s rozpuštěnými náklady  |c František Groh 
520 |a Charakteristika DCF modelov s rozpúšťanými nákladmi a podmienky využitia týchto modelov. Diskontované cash flow – podstata DCF modelov. Jednoduchý príklad na DCF model s rozpustenými nákladmi: základné predpoklady, výpočet diskontovaného cash flow, výpočet rozpustenia nákladov do výroby, účasť aktív vo výrobe dvoch marketingových produktov, vyčíslenie ekonomických nákladov a ekonomického zisku spoločnosti k jednotlivým marketingovým produktom. DCF s rozpustenými nákladmi a ekonomický ukazovateľ EVA. 
610 2 0 |a investície kapitálové 
610 2 0 |a zisk ekonomický 
610 2 0 |a aktíva 
610 2 0 |a náklady výrobné 
610 2 0 |a hodnota podniku 
610 2 0 |a cash flow 
610 2 0 |a modely ekonomické 
610 2 0 |a hodnota pridaná ekonomická 
100 1 |a Groh, František